La poesia modernista. antologia /

Guardado en:
Autor Principal: Ara, Guillermo
Formato: Libro
Publicado: Buenos Aires : Centro Editor De America Latina, 1968
Series:Bibl.argentina Fundamental
Materias:
Etiquetas: Agregar Etiqueta
Sin Etiquetas, Sea el primero en etiquetar este registro!
LEADER 00539nam a22001695a 4500
001 EHU.bham010049
003 AR-BHAM
005 20080421164336.0
008 130507s1968##################000#0#####d
082 A 8 |a 861.308 
100 1 |a Ara, Guillermo 
245 1 0 |a La poesia modernista. antologia /  |c Guillermo Ara 
260 |a Buenos Aires :  |b Centro Editor De America Latina,  |c 1968 
300 |a 94 p. 
490 0 |a Bibl.argentina Fundamental 
653 |a Poesia argentina-1889-1910 
859 |a AR-BHAM  |b BIB. HUMANIDADES - General  |h A861.308  |i Ar11  |k A  |p 683.74  |t Ej.1